Aging and mental health : (Record no. 2496)

MARC details
000 -LEADER
fixed length control field 01205pam a2200217 a 4500
020 ## - INTERNATIONAL STANDARD BOOK NUMBER
ISBN 0205193366
050 00 - CALL NUMBER
Classification number RC451.4.A5
Item number B97
100 1# - AUTHOR
Personal name Butler, Robert N.,
245 10 - TITLE
Title Aging and mental health :
Remainder of title positive psychosocial and biomedical approaches /
Statement of responsibility, etc Robert N. Butler, Myrna I. Lewis, Trey Sunderland.
250 ## - EDITION
Edition statement 5th ed.
260 ## - PUBLICATION INFORMATION
Place of publication Boston :
Name of publisher Allyn & Bacon,
Year of publication c1998.
300 ## - DESCRIPTION
Number of Pages xiii, 530 p. :
Other physical details ill. ;
Dimensions 24 cm.
500 ## - NOTES
General note Includes index.
505 ## - FORMATTED CONTENTS NOTE
Table of Content Who are the elderly? --<br/>Older people and their families --<br/>Healthy, successful old age --<br/>Common emotional problems --<br/>Psychiatric disorders --<br/>Organic mental disorders --<br/>Special concerns: race and ethnicity, older women and gender issues. crime, alcoholism, deafness, blindness, and sexuality --<br/>General treatment principles --<br/>Diagnostic evaluation: how to do a workup --<br/>How to keep people at home --<br/>Proper institutional care --<br/>Psychotherapy and environmental therapy --<br/>Drug and other somatic therapies.
650 #0 - SUBJECTS
Topical Term Older people
General subdivision Mental health.
650 #0 - SUBJECTS
Topical Term Geriatric psychiatry.
650 #0 - SUBJECTS
Topical Term Older people
General subdivision Mental health services
700 1# - OTHER AUTHORS
Personal name Lewis, Myrna I.
700 1# - OTHER AUTHORS
Personal name Sunderland, Trey.
942 ## - ADDED ENTRY ELEMENTS (KOHA)
Koha item type Books
Holdings
Withdrawn status Lost status Collection code Home library Current library Shelving location Date acquired Full call number Accession Number Copy number Koha item type
    Reference Methodist University Library Main Methodist University Library Main General Stacks   RC451.4.A5 B97 4049 1 Books
Copyright © 2026  MUG Library